000
00292nam a22001097a 4500
005
20251008091955.0
008
251008b |||||||| |||| 00| 0 eng d
040
_c
PK-LaNCA
082
_a
720
_b
KPF
245
_a
KPF: selected works America - Europe - Asia (Box set of 3 volumes)
942
_c
BK
999
_c
66828
_d
66828